000 00903njm a22002657a 4500
005 20100915113826.0
007 sd ammalaaahaa
008 100914t xxu||||| |||| 00| 0 eng d
028 _aECLP. 14603
_bHis Master's Voice
035 _aGR-02593
100 _919854
_aReshma
245 _aPanjabi saraiki & multani side. 1 & 2 /
_cby Reshma
_h[sound recording] :
260 _aDum Dum, India
_bHis Master's Voice
_c1976
300 _a1 sound disc [Gramophone record] :
_banalog, 33 1/3 rpm
_c12 in. (LP)
_fGramophone record
500 _aBrief record.
500 _aHis Master's Voice
500 _aOrange
505 _aShabaz qalandar, Man memethon naeen manda
650 _aPanjabi
_xExcerpts
_zIndia
_919855
_vPanjabi song
700 _91184
700 _919963
700 _920097
942 _2ddc
_cGR
999 _c45871
_d45871